|
|
|
|
| LEADER |
00000nam a22000007a 4500 |
| 008 |
221110b2022 a|||| |||| 00| | spa d |
| 020 |
|
|
|a 9789968527651
|
| 090 |
|
|
|a Digital
|
| 100 |
|
|
|9 1516
|a Arguedas Negrini, Irma
|
| 245 |
|
|
|a Fórmula para la promoción del éxito escolar. Guía para el trabajo colaborativo interdisciplinario /
|c Irma Arguedas Negrini, María Carpio Brenes, Natalia Cordero Miranda
|
| 260 |
|
|
|a [San José, Costa Rica] :
|b 2022
|c INIE,
|
| 300 |
|
|
|a 76 páginas;
|b iustraciones; 1 recurso en línea
|
| 490 |
|
|
|a Colección Yigüirro
|
| 500 |
|
|
|a Producto de Proyecto de Investigación Nº 724-B9-076
|
| 650 |
1 |
4 |
|9 1
|a EDUCACIÓN
|
| 650 |
1 |
4 |
|9 3641
|a ÉXITO
|
| 650 |
1 |
4 |
|9 709
|a DISCIPLINA ESCOLAR
|
| 650 |
1 |
4 |
|9 1343
|a CREENCIA
|
| 650 |
1 |
4 |
|9 801
|a MOTIVACIÓN
|
| 650 |
1 |
4 |
|9 908
|a INTELIGENCIA
|
| 650 |
1 |
4 |
|9 387
|a APRENDIZAJE
|
| 650 |
1 |
4 |
|9 1822
|a GUÍA
|
| 700 |
|
|
|9 1371
|a Carpio Brenes, María de los Ángeles
|
| 700 |
|
|
|9 4814
|a Cordero Miranda, Natalia
|
| 856 |
|
|
|u http://repositorio.inie.ucr.ac.cr/handle/123456789/569
|
| 942 |
|
|
|i 004709,004716
|h Digital
|2 z
|c 01
|
| 999 |
|
|
|c 3978
|d 3978
|